The Weeknd songs A-Z - Statistics

General Stats
  • This quiz has been taken 89 times
    48 since last reset
  • The average score is 18 of 24
Answer Stats
Hint Answer % Correct
H Hurry up tomorrow/Hurricane/how do I make you love me?/here we go again/hardest tolove/heartless/hurt you/high for this/house of balloons/heaven or las vegas/hawai/the hills/ the host
100%
S Sao Paulo/Skeletons/sacrifice/starry eyes/scared to live/snowchild/save your tears/starboy/secrets/stargirl/sidewalks/six feet under/shameless/same old song/smile/sexodus
97%
T Timeless/take me back to LA/take my breath/too late/try me/true colors/tell your friends/the town/thursday/the birds/take me back/twenty eight/tears in the club
94%
A A tale by Quincy/All to myself/always be my fault/alone again/after hours/a lonely night/attention/all I know/acquainted/as you are/angel/adaptation/another one of me/a lesser man /the abyss/the after party
91%
C Crew love/circus maximus/cry for me/call out my name/can't feel my face/coming down/crocodile tears/creepin'/christmas blues
91%
O One of the girls/open hearts/opening night/out of time/ordinary life/often/odd look/outside/one right now/over now/or nah
91%
B Baptized in fear/big sleep/best friends/blinding lights/belong to the world/better believe/thebirds
89%
I I can't fucking sing/I can't wait to get there/is there someone else?/I heard you're married/In your eyes/I was never there/I feel it coming/in the night/initiation
89%
D Dawn FM/Drive/don't break my heart/die for you/dark times/DD/dancing in the flames/dollhouse/double fantasy/drinks on us
86%
W We still don't trust you/wake up/wonderful/wake me up/without a warning/wasted times/wanderlust/wicked games/what you need
86%
L Lust for life/low life/less than zero/love to lay/losers/love in the sky/live for/loft music/lonelystar/life of the party/like a god/love me harder/lost in the fire/la fama/the lure
83%
P Popular/Pray 4 love/poison/phantom regret by Jim/privilege/party monster/prisoner/professional/power is power/pray for me/the party
80%
R Reflections laughing/Rather lie/red terror/repeat after me/reminder/rockin'/real life/rollingstone/remember you
80%
K K-Pop/king of the fall/kiss land/the knowing
77%
M Montreal/my sweet lord/moth to a flame/the morning
74%
G Given up on me/give me mercy/gasoline/glass table girls/gone
71%
N Niagara falls/nothing without you/next/nothing is lost
69%
E Enjoy the show/every angel is terrifying/escape from LA/earned it/echoes of silence/elasticheart
63%
F Faith/FML/false alarm/false idols/fill the void/family/the fall
60%
X XO
51%
U Until we're skin & bones/until I bleed out
49%
J Jealous guy
37%
Z The zone
34%
Y Young metro/you right
34%
No matching quizzes found
Score Distribution
Percent of People with Each Score
Percentile by Number Answered
Your Score History
You have not taken this quiz since the last reset